| 000 | 01388nam a22004457a 4500 | ||
|---|---|---|---|
| 003 | OSt | ||
| 005 | 20230315140835.0 | ||
| 008 | 221006b |||||||| |||| 00| 0 eng d | ||
| 040 | _cBiblioteca Lado V | ||
| 082 |
_a701.1 _bB167a |
||
| 100 |
_9783 _aBaker, Elizabeth C. _eeditora |
||
| 245 |
_aArt in America/ _bInternational Review/ |
||
| 260 |
_bWhitney Communications Corporation Magazine Division _c2009 _aNew York |
||
| 300 |
_c22x29cm _a152p. |
||
| 366 | _eeng | ||
| 490 |
_aNoviembre _v2009 |
||
| 505 | _tLatters | ||
| 505 | _tFront Page | ||
| 505 | _tRevision 5 | ||
| 505 | _tBooks | ||
| 505 | _tNew Orleans Report | ||
| 505 | _tDecorative Arts | ||
| 505 | _tAffiliations | ||
| 505 | _tPhotoids | ||
| 505 | _tThe da Vinci Clone | ||
| 505 | _tCalifornia Dreaming | ||
| 505 | _tTerry Winters: An Interview | ||
| 505 | _tBeautiful People | ||
| 505 | _tOn Italian Walls | ||
| 505 | _tMirror to a World Gone Awry | ||
| 505 | _tReviews | ||
| 505 | _tArtworld | ||
| 650 |
_2Tesauro de Arte & Arquitectura _aARTE _9703 |
||
| 650 |
_2Tesauro de Arte & Arquitectura _aCRITICA |
||
| 650 |
_2Tesauro de Arte & Arquitectura _aAPRECIACION |
||
| 650 |
_2Tesauro de Arte & Arquitectura _aCOLECCIONISMO |
||
| 650 |
_2Tesauro de Arte & Arquitectura _aARTE - USA |
||
| 700 |
_aShanley, Paul _epublicista |
||
| 942 |
_2ddc _c1 _h701.1 _iB167a _n0 |
||
| 999 |
_c3223 _d3223 |
||